Mapa Planisferio [material cartográfico] : mudo.
Guardado en:
| Formato: | Mapa |
|---|---|
| Materias: | |
| Etiquetas: |
Agregar Etiqueta
Sin Etiquetas, Sea el primero en etiquetar este registro!
|
| LEADER | 00422nem a22001455a 4500 | ||
|---|---|---|---|
| 001 | CEM.cems017658 | ||
| 008 | 130507b19--##############a#####1#######d | ||
| 005 | 20230823115313.0 | ||
| 245 | 0 | 0 | |a Mapa Planisferio [material cartográfico] : |b mudo. |
| 300 | |a 1 mapa. | ||
| 082 | 0 | 4 | |a 912 |
| 653 | |a Planisferio-mapa | ||
| 653 | |a Planisferio-mudo | ||
| 653 | |a Mapas | ||
| 859 | |a CEMS |b BIB. CEMS - Agricultura |h 912 |i Ar37-7 |p A0004.011 |t Ej.1 |v MAPA |3 MAPA | ||
